000 00652nam a2200181 4500
001 132646
003 ES-MaACL
005 20230906194223.0
007 t|
008 070214s1961 sp r ||||1| spa d
100 1 _aRoon, Karin.
_999523
245 1 0 _aCómo gozar de la vida
_b: (nuevos métodos para relajarse y librarse de la tensión nerviosa) /
_cpor Karin Roon ; versión española por Ernesto Mascaró Porcar ; ilustraciones de Jesse Jacobs.
260 _aBarcelona :
_bCedel,
_c1961.
300 _a274 p. :
_bil. ;
_c21 cm.
700 1 _aMascaró, Ernesto.
_978682
710 2 _aJacobs, Jesse.
_95332
852 _aES-MaACL
_jC-17951
_bR.47613
999 _c132646
_d132646